| 000 | 00434nam a2200157 i 4500 | ||
|---|---|---|---|
| 001 | 28797 | ||
| 003 | ES-MaACL | ||
| 005 | 20230906153930.0 | ||
| 007 | t| | ||
| 008 | 030120s1905 it ||||1| ita d | ||
| 100 | 1 |
_aBarbagallo, Corrado. _925377 |
|
| 245 | 1 | 3 |
_aLa fine della Grecia Antica / _cCorrado Barbagallo. |
| 260 |
_aBari : _bGiuseppe Laterza & Figli, _c1905. |
||
| 300 |
_aXVI, 531 p. ; _c21 cm. |
||
| 852 |
_aES-MaACL _jC-3402 |
||
| 999 |
_c28797 _d28797 |
||